Operations research: principles and practice
محفوظ في:
| المؤلفون الرئيسيون: | , , |
|---|---|
| التنسيق: | كتاب |
| اللغة: | الإنجليزية |
| منشور في: |
Nueva York
John Wiley & Sons
1976
|
| الموضوعات: | |
| الوسوم: |
إضافة وسم
لا توجد وسوم, كن أول من يضع وسما على هذه التسجيلة!
|
MARC
| LEADER | 00000nam a2200000 a 4500 | ||
|---|---|---|---|
| 001 | UCQ8924 | ||
| 003 | CL-VaPUC | ||
| 008 | 981217e19760000US |||||||||||||||||eng|d | ||
| 082 | 0 | 4 | |a 003 |b PHI |2 21 |
| 100 | 0 | |a Phillips, Don T |e author |9 423240 | |
| 700 | 0 | |a Ravindran, A |e author |9 423241 | |
| 700 | 0 | |a Solberg, James J |e author |9 423242 | |
| 245 | 1 | 0 | |a Operations research: principles and practice |
| 300 | |a 585 p | ||
| 942 | |c BK | ||
| 945 | |d 19981217 00:00:00 |a crobeson | ||
| 260 | |a Nueva York |b John Wiley & Sons |c 1976 | ||
| 650 | 0 | |a Investigación operativa |9 259383 | |
| 583 | |a last modification |c 19981217 00:00:00 |k Rodrigo Vera | ||
| 999 | |c 278089 |d 278087 | ||
| 952 | |0 0 |1 0 |4 0 |6 003_000000000000000_PHI_1976 |7 0 |8 A |9 316436 |a BIBMAT |b BIBMAT |d 2019-11-20 |i 1310089 |o 003 PHI 1976 |p 1310089 |r 2025-01-07 |w 2019-11-20 |y BK |k MAT | ||